000 01186cab a22002415a 4500
001 L142717
008 080304e20080226xxk f 000 0 eng d
035 _a(Sirsi) u142717
041 0 _aeng
100 1 _aMarshall, Richard
245 0 0 _aDelayed deeds
260 _c2008
490 _aSolicitors' Journal
_v152(8) 26 February 2008, 22(1)
520 _aConsiders unusual aspects of conveyancing transactions which have been highlighted by legal cases recently. In a case where a deed is delivered in escrow, it is important to clearly state the terms and conditions for unconditional delivery. If transactions are delayed, it should be restated that the conditions are unfulfilled and so the deed will remain in escrow. The recipient of a deed from escrow should seek to clarify the conditions upon which a deed has been sent.
590 _aKA
650 2 4 _aBANK OF SCOTLAND V KING
650 2 4 _aBENTRAY INVESTMENTS LTD V VENNER TIME SWITCHES LTD
650 2 4 _aBARCLAYS BANK V ESTATES AND COMMERCIAL LTD
650 2 4 _aLAND REGISTRATION ACT 2002 S24
651 4 _aEngland and Wales
_y1543-
690 _aPROPERTY-PROPERTY ACQUISITION AND DISPOSAL-CONVEYANCING
942 _n0
999 _c79920
_d79920